|
|
|
|
| LEADER |
01686nam a2200385 a 4500 |
| 001 |
EBC3034788 |
| 003 |
MiAaPQ |
| 005 |
20200520144314.0 |
| 006 |
m o d | |
| 007 |
cr cn||||||||| |
| 008 |
130115s2012 ne a sb 000 0beng d |
| 020 |
|
|
|z 9789462090620 (pbk.)
|
| 020 |
|
|
|z 9789462090637 (hardback)
|
| 020 |
|
|
|a 9789462090644 (electronic bk.)
|
| 035 |
|
|
|a (MiAaPQ)EBC3034788
|
| 035 |
|
|
|a (Au-PeEL)EBL3034788
|
| 035 |
|
|
|a (CaPaEBR)ebr10643175
|
| 035 |
|
|
|a (CaONFJC)MIL501482
|
| 035 |
|
|
|a (OCoLC)923694162
|
| 040 |
|
|
|a MiAaPQ
|c MiAaPQ
|d MiAaPQ
|
| 050 |
|
4 |
|a HB615
|b .K66 2012
|
| 100 |
1 |
|
|a Kompf, Michael.
|
| 245 |
1 |
0 |
|a Entreplexity = entrepreneurship + complexity
|h [electronic resource] :
|b the writing and thoughts of Gene Luczkiw /
|c Michael Kompf.
|
| 260 |
|
|
|a Rotterdam :
|b Sense Publishers,
|c 2012.
|
| 300 |
|
|
|a xvii, 143 p. :
|b ill.
|
| 490 |
1 |
|
|a Critical issues in the future of learning and teaching ;
|v v. 9
|
| 504 |
|
|
|a Includes bibliographical references.
|
| 505 |
0 |
|
|a section 1. A practice in search of a theory -- section 2. It all started with a journey -- section 3. Exercises and applications -- section 4. Colleagues' responses to Entreplexity = entrepreneurship + complexity.
|
| 533 |
|
|
|a Electronic reproduction. Ann Arbor, MI : ProQuest, 2015. Available via World Wide Web. Access may be limited to ProQuest affiliated libraries.
|
| 600 |
1 |
0 |
|a Luczkiw, Gene.
|
| 650 |
|
0 |
|a Entrepreneurship.
|
| 655 |
|
4 |
|a Electronic books.
|
| 710 |
2 |
|
|a ProQuest (Firm)
|
| 830 |
|
0 |
|a Critical issues in the future of learning and teaching ;
|v 9.
|
| 856 |
4 |
0 |
|u https://ebookcentral.proquest.com/lib/matrademy/detail.action?docID=3034788
|z Click to View
|